000 01847nam a2200373 c 4500
100 1 _aАрнаудов, Михаил Петров
_933558
999 _c50067
_d50067
003 BLK
005 20240313005501.0
008 180408b bul|||||r ||||||| ||bul||
010 _aKNG00053937000
040 _aBLK
041 _aUKR
_cDRS
080 _aНародни песни
_b398.8
_x(497)
_z398.8(497)
080 _aБългарска литература
_b821.163.2
_x-13.09
_z821.163.2-13.09
080 _aБългарски филолог и публицист
_b929 Мисирков, Кръсте Петков
_z929 Мисирков, Кръсте Петков
139 _aАрнаудов, Михаил Петров
_bА 87
245 1 0 _a[Кръсте Петков] К. П. Мисирков
_bЮжно-словянскiя сказанiя о женитьбе короля Волкошина в связи с вопросом о причинах популярности короля Марка среди южных словян : Рец.
_cМихаил Петров Арнаудов.
257 _aBGR
260 _c1910
300 _a10 с.
_c24 см
380 _a3
490 _9396381
_aЧастна колекция - Академик Михаил Арнаудов
_gДарение - Основен фонд
500 _aОтпеч. от Период. списание, Т. LХХІ, 1910. - Кн. е неразрязана
600 1 4 _aМисирков, Кръсте Петков
_9282995
650 4 _aНародни песни, български - теми, образи, сюжети
_9248712
659 _aА
852 _aМА 3507
856 4 _qpdf
856 4 _qpdf
942 _cKNG
_n0
_s1
944 _aCR
_c14.09.2016
_k
_lCRON CRON
944 _aED
_c14.09.2016
_kГеновева_Генчева
999 _d50067